South Eastern Kenya University

Library Online Public Access Catalogue


CMSC 150 Discrete mathematics for computer scientists / (Record no. 10307)

MARC details
000 -LEADER
fixed length control field 00687cam a2200181 a 4500
020 ## - ISBN
International Standard Book Number 9780132122719
020 ## - ISBN
International Standard Book Number 0132122715
050 04 - LIBRARY OF CONGRESS CALL NUMBER
Classification Number QA76.9.M35
Item Number B64 2011
100 1# - MAIN ENTRY--Author
Personal name Stein, Clifford,
Dates associated with a name 1965-
245 10 - TITLE
Title CMSC 150 Discrete mathematics for computer scientists /
Statement of responsibility, etc Clifford Stein, Robert L. Drysdale, Kenneth Bogart.
Remainder of title Custom edition for umuc
250 ## - EDITIONSTATEMENT
Edition statement taken from discrete mathematics for computer scientists by Clifford Stein, Robert L. Drysdale, Kenneth Bogart.
260 ## - PUBLICATION, DISTRIBUTION, ETC.(IMPRINT)
Place of publication, distribution, etc Boston, Mass. :
Name of publisher, distributor, etc Pearson/Addison-Wesley,
Date of publication, distribution, etc c2011.
300 ## - PHYSICAL DESCRIPTION
Extent xix, 495 p. :
650 #0 - SUBJECT--TOPIC
General subdivision Mathematics.
700 1# - ADDED ENTRY--PERSONAL AUTHOR
Personal Name Drysdale, Robert L.,
700 1# - ADDED ENTRY--PERSONAL AUTHOR
Personal Name Bogart, Kenneth P.
942 ## - ADDED ENTRY ELEMENTS(KOHA)
Source of classification or shelving scheme Library of Congress Classification
Koha item type General circulation
Holdings
Source of classification or shelving scheme Not for loan Location (home branch) Sublocation (holding branch) Shelving location Date accessioned Full call number Barcode Koha item type Public note
Library of Congress Classification   Mtito Andei Centre Library Mtito Andei Centre Library   03/02/2016 QA76.9.M35 B64 2011 2015/009226 General circulation amm
Kitui, Kenya.
+254736116989
library@seku.ac.ke